| 000 | 00426nam a22001817a 4500 | ||
|---|---|---|---|
| 003 | MPLRDC | ||
| 005 | 20220104114355.0 | ||
| 008 | 210129b ||||| |||| 00| 0 eng d | ||
| 020 | _a957-33-0573-9 | ||
| 082 | _a848.2 HWY v.1 | ||
| 100 | _a侯文咏 | ||
| 245 |
_a亲爱的老婆 _c |
||
| 250 | _a一廿五刷 | ||
| 260 |
_a _b皇冠出版社 _c1996 |
||
| 300 | _b平 | ||
| 650 | _a现代别集 | ||
| 942 |
_cBK _o848.2 HWY v.1 |
||
| 999 |
_c6979 _d6969 |
||